| 000 | 00518nam a2200169 i 4500 | ||
|---|---|---|---|
| 001 | 129774 | ||
| 003 | ES-MaACL | ||
| 005 | 20250920063100.0 | ||
| 007 | t| | ||
| 008 | 070705s1918 sp ||||1| spa d | ||
| 100 | 1 |
_aZozaya, Antonio, _d1859-1943 _9118374 |
|
| 245 | 1 | 3 |
_aLa patria ciega _b: (estudios de derecho público popular) / _cAntonio Zozaya. |
| 260 |
_aMadrid : _b[s.n.], _c1918 ( _fEst. Tip. "El Liberal") |
||
| 300 |
_a222 p. ; _c19 cm. |
||
| 852 |
_aES-MaACL _jF-10094 |
||
| 999 |
_c129774 _d129774 |
||